| 000 | 01645cam a2200469 4500 | ||
|---|---|---|---|
| 003 | PE-LiUPU | ||
| 005 | 20250731173331.0 | ||
| 020 | _a84701575058 | ||
| 035 | _a(Sirsi) i84701575058 | ||
| 035 | _a(Sirsi) 41994 | ||
| 035 | _a(Sirsi) 41994 | ||
| 041 | _aes | ||
| 044 | _aes | ||
| 082 | 0 | 4 |
_a270.091 _bV61 |
| 100 | 1 |
_aVian, Giovanni María _d1952- |
|
| 245 |
_aFilología e historia de los textos cristianos / _cGiovanni María Vian. |
||
| 264 | 1 |
_aMadrid : _bEdiciones Cristiandad, _c2005 |
|
| 300 |
_a471 páginas ; _c21 cm. |
||
| 490 | 0 | _aLiteratura cristiana antigua y medieval | |
| 504 | _aIncluye bibliografía | ||
| 505 | 0 | _aAl principio Biblia y libros -- Cristianismo y culturas -- La cultura alejandrina: orígenes -- La herencia alejandrina: Eusebio -- Entre Oriente y Occidente: Jerónimo -- Los últimos resplandores de todo un mundo -- La Edad Media o la leyen | |
| 526 | _aSEG42 | ||
| 526 | _aSEG41 | ||
| 526 | _aSEG40 | ||
| 526 | _aSEG39 | ||
| 526 | _aP94 | ||
| 526 | _aP87 | ||
| 526 | _aP86 | ||
| 526 | _aP85 | ||
| 526 | _aP77 | ||
| 526 | _aP76 | ||
| 526 | _aP35 | ||
| 650 | 1 | 4 |
_aLiteratura cristiana primitiva _xHistoria y crítica |
| 942 |
_2ddc _cBOOK |
||
| 949 |
_a270.091 V61 _i59267 _lCCODEBUL1 _mBUL _tLIBRO _o.STAFF. Procesos |
||
| 859 |
_q59267 _h270.091 _iV61 |
||
| 910 |
_ajv _bjv _clch _d20090112 |
||
| 596 | _a1 | ||
| 999 |
_a270.091 V61 _wDEWEY _c48052 _i59267 _d48052 _f2021-11-11 _g5 _lCCODEBUL1 _mBUL _q2 _r0 _sY _tBOOK _u2015-6-25 _xTEOLOGIA _PP35 _0COMPRA _o.STAFF. Colección General |
||
| 980 |
_81 _gALBERTO SANCHEZ Responsable de Automatización |
||